01449nam a2200265Ia 4500952010500000952010300105952010300208999001700311008004100328020001500369050002200384082002100406100002700427240007300454245008600527250001700613260005600630300002500686500003600711505031200747519005501059650001201114700004501126942001201171 00104070a01b01d2007-01-25l2o512 A581A 1994p01 001155r2019-07-16s2019-07-16w2012-06-24yLB 00102lcc4070a03b03d2001-05-15l0oQA152.2 A53 1994p03 002191r2012-07-20t1w2012-07-20yLB 00102lcc4070a03b03d2001-05-15l0oQA152.2 A53 1994p03 002192r2012-07-20t2w2012-07-20yLB c58439d58439120622s1994 mx 000 0 spa d a9688803847 aQA152.2bA53 1994 a512 bA581a 19941 aAngel, Allen R.eautor aElementary algebra for college studentslingléssTítulo original aAlgebra elemental c / Allen R. Angel ; traducción Oscar Alfredo Palmas Velasco a3a edición aMéxicob : Prentice-Hall Hispanoamericanac, 1994 axviii, 501 páginas aIncluye: índice (pp. 495-499) aNúmeros reales Resolución de ecuaciones lineales Formulas y aplicaciones del álgebra Exponentes, polinomios y aplicaciones adicionales Factorización Expresiones y ecuaciones racionales Graficación de ecuaciones lineales Sistemas de ecuaciones lineales Raíces y radicales Ecuaciones cuadráticas aMaterial Complementario / d(03 002191, 03 002192)14aALGEBRA1 aPalmas Velasco, Oscar Alfredoetraductor 2lcccLB